| 000 | 00382nam a2200109 a 4500 | ||
|---|---|---|---|
| 008 | 120416s9999 xx |||||||||||||| || u | ||
| 050 | _aTD 883 Bac | ||
| 100 | _aBach, Wilfrid | ||
| 245 | 1 | 0 | _aAtmospheric pollution |
| 350 | _a0.00 | ||
| 995 |
_D0.00 _FCBU-MAIN LIBRARY (Kitwe) _H1 _I1.75 _UAVAILABLE _ZMain Library Open Access Collection |
||
| 999 |
_c35240 _d35240 |
||